ბათუმის შოთა რუსთაველის სახელმწიფო უნივერსიტეტის ბიბლიოთეკა

თხზულებანი:ორტომეული. ტ.1 (ბიბ.ჩანაწერი № 42379)

000 -LEADER
fixed length control field 00805nam a2200229Ia 4500
001 - CONTROL NUMBER
control field 9075
003 - CONTROL NUMBER IDENTIFIER
control field GE_BSU
008 - FIXED-LENGTH DATA ELEMENTS--GENERAL INFORMATION
fixed length control field 181216s||||||||xx |||||||||||||| ||und||
040 ## - CATALOGING SOURCE
Transcribing agency GE_BSU
080 ## - UNIVERSAL DECIMAL CLASSIFICATION NUMBER
Universal Decimal Classification number 821.353.1-1+821.353.1-31
100 ## - MAIN ENTRY--PERSONAL NAME
Personal name ლისაშვილი,იაკინთე
245 ## - TITLE STATEMENT
Title თხზულებანი:ორტომეული. ტ.1
245 ## - TITLE STATEMENT
Remainder of title ტ.1. რომანები;მოთხრობები.
245 ## - TITLE STATEMENT
Statement of responsibility, etc. რედ:ც.ბუაჩიძე;მხატვ:თ.ფანიაშვილი
260 ## - PUBLICATION, DISTRIBUTION, ETC.
Place of publication, distribution, etc. თბილისი.
260 ## - PUBLICATION, DISTRIBUTION, ETC.
Name of publisher, distributor, etc. საბჭ.საქართველო
260 ## - PUBLICATION, DISTRIBUTION, ETC.
Date of publication, distribution, etc. 1960.
300 ## - PHYSICAL DESCRIPTION
Extent 500გვ;21სმ.
653 ## - INDEX TERM--UNCONTROLLED
Uncontrolled term მოთხრობები.
653 ## - INDEX TERM--UNCONTROLLED
Uncontrolled term რომანები;
942 ## - ADDED ENTRY ELEMENTS (KOHA)
Koha item type წიგნი
ეგზემპლარები
Withdrawn status Lost status Damaged status Not for loan Date acquired Barcode Date last seen Price effective from Koha item type
        2018-12-17 31833 2018-12-17 2018-12-17 წიგნი
        2018-12-17 31834 2018-12-17 2018-12-17 წიგნი
        2018-12-17 31835 2018-12-17 2018-12-17 წიგნი